| 000 | 00422nam a2200181Ia 4500 | ||
|---|---|---|---|
| 001 | 15485 | ||
| 005 | 20260306170159.0 | ||
| 008 | 260306t1981||||xx |||||||||||||| ||und|| | ||
| 041 | _aESP | ||
| 082 |
_a541.3 _bC91 |
||
| 100 |
_aCrockford, H.H. _eAUT |
||
| 245 | 0 | _aFundamentos de fisicoquímica | |
| 260 | _c1981 | ||
| 300 |
_a466 páginas : _c23 cm. |
||
| 650 | _aGEN | ||
| 654 | _aCCN | ||
| 942 |
_cLIB _dJUS _fJUS _2ddc _n |
||
| 999 |
_c15485 _d15485 |
||